Jean de la Rochelle: Summa de anima
Furkejuvvon:
| Váldodahkki: | |
|---|---|
| Materiálatiipa: | Girji |
| Giella: | fránskkagiella |
| Almmustuhtton: |
París, Francia
J. Vrin
1995
|
| Ráidu: | Textes Philosophiques du Moyen Age.
19 |
| Fáttát: | |
| Fáddágilkorat: |
Lasit fáddágilkoriid
Eai fáddágilkorat, Lasit vuosttaš fáddágilkora!
|
MARC
| LEADER | 00000nam a2200000 a 4500 | ||
|---|---|---|---|
| 001 | UCP2708 | ||
| 003 | CL-VaPUC | ||
| 005 | 20241128113940.0 | ||
| 008 | 990528e19950000FR |||||||||||||||||fre|d | ||
| 999 | |c 281207 |d 281205 | ||
| 040 | |c Pontificia Universidad Católica de Valparaíso | ||
| 082 | 0 | 4 | |a 149.91 BOU 1995 |2 21 |
| 100 | 0 | |a Bougerol, Jacques Guy |9 429657 | |
| 245 | 1 | 0 | |a Jean de la Rochelle: Summa de anima |
| 260 | 0 | 3 | |a París, Francia |b J. Vrin |c 1995 |
| 300 | |a 298 páginas | ||
| 490 | 0 | |a Textes Philosophiques du Moyen Age. |v 19 | |
| 583 | |a last modification |c 19990528 00:00:00 |k Rodrigo Vera | ||
| 600 | 0 | 7 | |a DE LA ROCHELLE, JEAN |2 CL-VaPUC |9 429658 |
| 650 | 7 | |a NEOESCOLASTICISMO |2 CL-VaPUC |9 327760 | |
| 650 | 0 | |a Filosofía francesa |9 255698 | |
| 650 | 0 | |a Crítica e interpretación |9 255042 | |
| 650 | 0 | |a Escolástica |9 345541 | |
| 942 | |c BK |2 ddc | ||
| 945 | |d 19990528 00:00:00 |a rbrito | ||
| 952 | |0 0 |1 0 |2 ddc |4 0 |6 149_910000000000000_BOU_1995 |7 0 |8 A |9 321887 |a BIBEDU |b BIBEDU |d 2019-11-20 |i 3498603 |o 149.91 BOU 1995 |p 3498603 |r 2019-11-20 |t 1 |w 2019-11-20 |y BK |k FIL | ||